000 00607nam a2200229Ia 4500
003 OSt
005 20220918185107.0
006 a|||||r|||| 00| 0
007 ta
008 220917b |||||||| |||| 00| 0 eng d
024 _a49,545
037 _cTextual
040 _aARTS
_cARTS
_beng
041 _2eng
_aeng
082 _aP:7, J7 (EO)
100 _aMartin Harold C
_955395
245 0 _aLogic and rhetoric of exposition
260 _aNew York
_bRinehart and Company
_c1957
650 _aLINGUISTICS
942 _hP:7, J7 (EO)
_cTEXL
_2CC
999 _c179167
_d179167